LEADER 00740nam a2200193 i 4500 001 000000244487 003 CaOOAMICUS 005 20150810000000.0 008 150810s1822 it u000 u fre u 013 $a223392 026 $as.e- usnt d.nd avla (3) 1822 (R) 040 $aSeMil$bita 245 10$a1. 300 $a[4], 616, [2] p. 773 0 $aBourdaloue, Louis $tOeuvres complètes de Bourdaloue.$dParis : Méquignon-Havard, 1822-1826.$g2$w()32396 773 0 $aBourdaloue, Louis $tSermons pour le Carême.$dParis : Méquignon-Havard, 1822.$g1$w()32397 850 $aSeMil 852 $aSeMil$W1$xVenegono$y1$m3F IV 229 FA$j194833$B194833$CSeMilBibl$Z2$F205503 $8I 996 $6245$a1$9(OLS)http://semarc/title/6508 LEADER 00762nam a2200205 i 4500 001 000000073076 003 CaOOAMICUS 005 20090511000000.0 008 090511s1959 it u000 u ita u 013 $a44248 040 $aSeMil$bita 100 1 $aVolpicelli, Luigi.$0(OLS)http://semarc/name/623 245 13$aLa scuola sotto zero /$cLuigi Volpicelli. 260 $aPadova :$bAmicucci,$c1959. 300 $a120 p. ;$c21 cm. 650 4$aInsegnanti - Istruzione professionale.$0(OLS)http://semarc/subject/14667 850 $aSeMil 852 $aSeMil$W1$xVenegono$y1$m2Q III 347$j39229$B39229$CSeMilBibl$Z2$F39232 $81 996 $6245$aLa scuola sotto zero$9(OLS)http://semarc/title/117968 996 $6260$aPadova :$bAmicucci$9(OLS)http://semarc/publisher/43091